| 000 | 00573nam a22002057a 4500 | ||
|---|---|---|---|
| 003 | OSt | ||
| 005 | 20220107122737.0 | ||
| 008 | 140419b xxu||||| |||| 00| 0 eng d | ||
| 020 | _a9788120336278 | ||
| 040 | _cIIITM-K | ||
| 082 | _a006.312 PRA/D | ||
| 100 |
_aPrabhu, C.S.R _94184 |
||
| 245 |
_aData warehousing: _bConcepts, techniques, products and applications _cby C.S.R Prabhu |
||
| 250 | _a3rd ed. | ||
| 260 |
_aNew Delhi, _bPHI Learning, _c2008. |
||
| 300 | _axi, 171p. | ||
| 650 |
_aCOMPUTER SCIENCE _94185 |
||
| 650 |
_aDATA WAREHOUSING _94186 |
||
| 942 |
_2ddc _cBK |
||
| 999 |
_c3862 _d3862 |
||